The office songs #1 - Statistics

General Stats
  • This quiz has been taken 32 times
  • The average score is 100 of 150
Answer Stats
Lyrics % Correct
a
95%
you
95%
i
89%
minutes
84%
the
84%
and
79%
that
79%
that's
79%
thousand
79%
to
79%
we
79%
hundred
74%
in
74%
me
74%
nine
74%
remember
74%
with
74%
worked
74%
call
68%
eighty
68%
for
68%
here
68%
how
68%
like
68%
love
68%
many
68%
million
68%
of
68%
six
68%
watch
68%
when
68%
your
68%
you've
68%
actually
63%
did
63%
down
63%
forgive
63%
kissing
63%
math
63%
meetings
63%
sat
63%
car
58%
coffee
58%
cups
58%
die
58%
got
58%
hard
58%
hit
58%
is
58%
or
58%
sleep
58%
times
58%
watching
58%
drugs
53%
email
53%
get
53%
helped
53%
more
53%
off
53%
impressions
47%
made
47%
read
47%
text
47%
us
47%
yeah
47%
forwards
42%
measure
42%
birthdays
37%
costumes
37%
from
37%
life
37%
above
32%
gift
32%
up
32%
No matching quizzes found
Score Distribution
Percent of People with Each Score
Percentile by Number Answered
Your Score History
You have not taken this quiz